000 00244nam a2200097Ia 4500
008 120527s9999 xx 000 0 und d
100 _aLowry P.
245 _aTheessential giude to art and design.
260 _bHodder & stoughtion.
942 _cBK
999 _c15620
_d15620